| 000 | 00709nam a2200277Ia 4500 | ||
|---|---|---|---|
| 001 | 6086 | ||
| 005 | 20240113233902.0 | ||
| 007 | ta | ||
| 008 | 050624s1986 g b000 u eng u | ||
| 020 | _a80-7023-078-0 | ||
| 040 | _aCotton College,Assam | ||
| 041 | _aeng | ||
| 082 |
_a591.2 _bRa 13 An |
||
| 100 | _aRai, Anant . | ||
| 245 | 0 |
_aThe Animal Virology / _cAnant Rai. _hTextual Documents |
|
| 250 | _a1st ed. / | ||
| 260 |
_aNew Delhi : _bAllied chambers ( India ) limited , _c1986. |
||
| 300 |
_axii, 432p. ; _c21cm. |
||
| 504 | _aBib, Index | ||
| 653 | _aZoology-Virus | ||
| 653 | _aVirus | ||
| 653 | _aPG-Zoology | ||
| 942 |
_2ddc _cBK |
||
| 999 |
_c6073 _d6073 |
||